| 000 | 00465nam a2200181Ia 4500 | ||
|---|---|---|---|
| 001 | 11623 | ||
| 005 | 20260306162841.0 | ||
| 008 | 260306t2013||||xx |||||||||||||| ||spa|| | ||
| 041 | _aESP | ||
| 082 |
_a985.504 _bE31 |
||
| 100 |
_aEguiguren, Luis Antonio _eAUT |
||
| 245 | 0 |
_aLa sedición de Huamanga de 1812: _bAyacucho y la independencia |
|
| 260 | _c2013 | ||
| 300 |
_a129 páginas : _c24 cm. |
||
| 650 | _aGEN | ||
| 654 | _aCHU | ||
| 942 |
_cLIB _dJUS _fJUS _2ddc _n |
||
| 999 |
_c11623 _d11623 |
||